كيف تصنعين المخللات و المربيات و تجمدين الفواكه و الخضروات عبر الفصول / (رقم التسجيلة. 71895)
[ عرض عادي ]
| 000 -LEADER | |
|---|---|
| fixed length control field | 00704nam a22002057a 4500 |
| 005 - DATE AND TIME OF LATEST TRANSACTION | |
| control field | 20251108172146.0 |
| 008 - FIXED-LENGTH DATA ELEMENTS--GENERAL INFORMATION | |
| fixed length control field | 250721s1996 xx 000 0 ara d |
| 082 14 - DEWEY DECIMAL CLASSIFICATION NUMBER | |
| Classification number | 664.8/منش |
| 100 1# - MAIN ENTRY--PERSONAL NAME | |
| Personal name | المنشئ، حميد صادق |
| 245 10 - TITLE STATEMENT | |
| Title | كيف تصنعين المخللات و المربيات و تجمدين الفواكه و الخضروات عبر الفصول / |
| 264 1# - PRODUCTION, PUBLICATION, DISTRIBUTION, MANUFACTURE, AND COPYRIGHT NOTICE | |
| Place of production, publication, distribution, manufacture | عمان : |
| Name of producer, publisher, distributor, manufacturer | دار الإسراء للنشر و التوزيع، |
| Date of production, publication, distribution, manufacture, or copyright notice | 1996. |
| 300 ## - PHYSICAL DESCRIPTION | |
| Extent | 72ص |
| 490 0# - SERIES STATEMENT | |
| Series statement | لك سيدتي |
| 650 17 - SUBJECT ADDED ENTRY--TOPICAL TERM | |
| Topical term or geographic name as entry element | صناعة الأغذية |
| 650 17 - SUBJECT ADDED ENTRY--TOPICAL TERM | |
| Topical term or geographic name as entry element | التعليب |
| 650 17 - SUBJECT ADDED ENTRY--TOPICAL TERM | |
| Topical term or geographic name as entry element | الحفظ |
| 700 1# - ADDED ENTRY--PERSONAL NAME | |
| Personal name | عبد الكريم، سعد رسول |
| 942 ## - ADDED ENTRY ELEMENTS (KOHA) | |
| Source of classification or shelving scheme | Dewey Decimal Classification |
| Koha item type | كتب |
| حالة السحب | حالة الفقدان | مصدر التصنيف | حالة التلف | غير قابل للإعارة | المكتبة الرئيسية | المكتبة الحالية | موقع الرف | تاريخ التزويد | Total Checkouts | رقم الإستدعاء | الباركود | تاريخ آخر ظهور | تاريخ الفاتورة | نوع المادة (كوها) | الرقم المتسلسل |
|---|---|---|---|---|---|---|---|---|---|---|---|---|---|---|---|
| Dewey Decimal Classification | مكتبة أبو علندا العامة | مكتبة أبو علندا العامة | الإعارة | 01/02/2009 | 664.8/منش | PLD00069767 | 28/07/2025 | 01/02/2009 | كتب | ||||||
| Dewey Decimal Classification | مكتبة الأميرة ايمان العامة | مكتبة الأميرة ايمان العامة | الإعارة | 13/11/2013 | 664.8/منش | PLD00285939 | 28/07/2025 | 13/11/2013 | كتب | [9606] |